[Event "Col Ch "]
[Site "Ibague "]
[Date "2013.07.05"]
[Round "8.49"]
[White "Ordonez Gonzalez, Gabriel"]
[Black "Munoz, Julian Andres"]
[Result "0-1"]
[WhiteElo "1909"]
[BlackElo "2207"]
[PlyCount "70"]
[EventDate "2013.07.01"]
[EventType "swiss"]
[EventRounds "11"]
[EventCountry "COL"]
[SourceDate "2005.09.12"]

1. c4 e5 2. g3 Nf6 3. Bg2 d5 4. cxd5 Nxd5 5. a3 Nc6 6. d3 Bc5 7. Nf3 f6 8. b4
Be7 9. Bb2 Be6 10. Nbd2 a5 11. bxa5 Nxa5 12. O-O Nb6 13. Qc2 O-O 14. Rfc1 c5
15. Bc3 Nc6 16. Bb2 Na4 17. Nc4 b5 18. Ne1 Ra6 19. Bxc6 Rxc6 20. Nf3 Qa8 21.
Ne3 Rfc8 22. Nd2 c4 23. dxc4 bxc4 24. Bc3 Bc5 25. Ndf1 Nxc3 26. Qxc3 Bd4 27.
Qb4 Rb8 28. Qe1 Bxa1 29. Rxa1 Rb2 30. Nd1 Rb3 31. Rc1 Qxa3 32. Nc3 Qb4 33. Ne3
Ra6 34. Qd2 Rd6 35. Qa2 Rxc3 0-1

[Event "Col Ch "]
[Site "Ibague "]
[Date "2013.07.05"]
[Round "8.50"]
[White "Aristizabal, Jorge"]
[Black "Ardila, Oscar Humberto"]
[Result "0-1"]
[WhiteElo "1881"]
[BlackElo "2077"]
[PlyCount "66"]
[EventDate "2013.07.01"]
[EventType "swiss"]
[EventRounds "11"]
[EventCountry "COL"]
[SourceDate "2005.09.12"]

1. e4 e5 2. Nf3 Nf6 3. d3 Nc6 4. Be2 Be7 5. O-O d5 6. exd5 Nxd5 7. Nfd2 O-O 8.
Bf3 f5 9. Re1 Bf6 10. Nf1 Be6 11. c3 Qd7 12. g3 Rad8 13. Qc2 Qf7 14. Ne3 Nce7
15. Nd2 Nxe3 16. fxe3 f4 17. exf4 exf4 18. g4 Bh4 19. Re2 Qg6 20. h3 h5 21. Rg2
hxg4 22. hxg4 Bg3 23. Ne4 Bxg4 24. Qe2 Bh3 25. Nxg3 fxg3 26. Be4 Nf5 27. Bd2
Bxg2 28. Qxg2 Qg4 29. Rd1 Nh4 30. Qe2 Nf3+ 31. Bxf3 Rxf3 32. d4 Rdf8 33. Qc4+
Kh8 0-1

[Event "Col Ch "]
[Site "Ibague "]
[Date "2013.07.05"]
[Round "8.51"]
[White "Acosta Cruz, Luis Ivan"]
[Black "Gaviria, Andres Felipe"]
[Result "0-1"]
[WhiteElo "1879"]
[BlackElo "2077"]
[PlyCount "56"]
[EventDate "2013.07.01"]
[EventType "swiss"]
[EventRounds "11"]
[EventCountry "COL"]
[SourceDate "2005.09.12"]

1. d4 Nf6 2. Nf3 e6 3. c4 c5 4. d5 exd5 5. cxd5 d6 6. Nc3 g6 7. e4 Bg7 8. Bg5
O-O 9. Bd3 a6 10. a4 Bg4 11. h3 Bxf3 12. Qxf3 Nbd7 13. Qe3 Re8 14. f4 h6 15.
Bh4 Nxd5 16. Nxd5 Qxh4+ 17. g3 Qd8 18. Rh2 Nb6 19. Nc3 c4 20. Bc2 d5 21. Qf3 d4
22. Nd1 d3 23. Bb1 Qd4 24. Rf2 Rxe4+ 25. Kf1 Rae8 26. Ba2 Re1+ 27. Kg2 Nd5 28.
Rb1 Rxd1 0-1

[Event "Col Ch "]
[Site "Ibague "]
[Date "2013.07.05"]
[Round "8.52"]
[White "Rico, Oswaldo"]
[Black "Corpus Vanegas, Jair Samir"]
[Result "1-0"]
[WhiteElo "2022"]
[BlackElo "1881"]
[PlyCount "105"]
[EventDate "2013.07.01"]
[EventType "swiss"]
[EventRounds "11"]
[EventCountry "COL"]
[SourceDate "2005.09.12"]

1. e4 e5 2. Nf3 Nc6 3. Bb5 a6 4. Ba4 b5 5. Bb3 Be7 6. O-O Nf6 7. Re1 O-O 8. c3
d6 9. h3 Bb7 10. d3 a5 11. a4 b4 12. Nbd2 Qd7 13. Nf1 Rad8 14. Ne3 h6 15. Bd2
bxc3 16. bxc3 Rb8 17. Bc4 Nd8 18. Nf5 Ne6 19. Qc1 Nf4 20. Bxf4 exf4 21. Qxf4
Kh7 22. g4 Ng8 23. N3d4 Bg5 24. Qg3 Bd2 25. Re2 Bxc3 26. Raa2 g6 27. Nb5 gxf5
28. Nxc3 fxg4 29. hxg4 Nf6 30. f3 Rg8 31. Rg2 Rg7 32. Rab2 c6 33. Qf4 Rg6 34.
d4 Kg7 35. Ne2 Nh7 36. Ng3 Ng5 37. Nf5+ Kf8 38. Rh2 Ne6 39. Bxe6 Qxe6 40. Rxh6
Rxh6 41. Nxh6 Ke8 42. Nf5 Kd7 43. d5 Qe5 44. dxc6+ Kxc6 45. Qc1+ Qc5+ 46. Qxc5+
dxc5 47. Rb5 Rd8 48. Ne7+ Kc7 49. Rxc5+ Kd6 50. Rb5 Bxe4 51. Nf5+ Bxf5 52. Rxf5
Ke6 53. Rxa5 1-0

[Event "Col Ch "]
[Site "Ibague "]
[Date "2013.07.05"]
[Round "8.53"]
[White "Cadavid, Juan Miguel"]
[Black "Bejarano, Dany Andres"]
[Result "0-1"]
[WhiteElo "1862"]
[BlackElo "2020"]
[PlyCount "60"]
[EventDate "2013.07.01"]
[EventType "swiss"]
[EventRounds "11"]
[EventCountry "COL"]
[SourceDate "2005.09.12"]

1. e4 e6 2. d4 d5 3. Nc3 dxe4 4. Nxe4 Nf6 5. Nxf6+ Qxf6 6. Nf3 h6 7. Be2 Nc6 8.
Be3 Bd6 9. O-O O-O 10. c4 Rd8 11. Qc1 e5 12. d5 Nd4 13. Nxd4 exd4 14. Bd2 Qe5
15. f4 Qxe2 16. Re1 Qh5 17. c5 Bf8 18. Re5 Qg6 19. Qc4 b6 20. c6 Bh3 21. g3 d3
22. b4 a5 23. a4 axb4 24. Bxb4 b5 25. Qb3 bxa4 26. Rxa4 Rxa4 27. Qxa4 d2 28.
Bxd2 Bc5+ 29. Kh1 Qd3 30. Qd1 Bg4 0-1

[Event "Col Ch "]
[Site "Ibague "]
[Date "2013.07.05"]
[Round "8.54"]
[White "Torres, Augusto"]
[Black "Barros, Raul"]
[Result "1-0"]
[WhiteElo "1812"]
[BlackElo "2019"]
[PlyCount "103"]
[EventDate "2013.07.01"]
[EventType "swiss"]
[EventRounds "11"]
[EventCountry "COL"]
[SourceDate "2005.09.12"]

1. Nf3 c5 2. g3 g6 3. Bg2 Bg7 4. O-O Nc6 5. c4 Nf6 6. Nc3 O-O 7. d3 d6 8. Bg5
h6 9. Bf4 Kh7 10. Rb1 Bd7 11. a3 a5 12. Nd5 Nxd5 13. cxd5 Nb8 14. e4 Na6 15. h4
Bg4 16. Qd2 Bxf3 17. Bxf3 b5 18. Kg2 b4 19. h5 g5 20. Be3 e6 21. dxe6 fxe6 22.
e5 d5 23. d4 c4 24. Bg4 Qe7 25. f4 gxf4 26. Bxf4 Nc7 27. Rf3 Rab8 28. Rbf1 Nb5
29. axb4 axb4 30. Be3 Rxf3 31. Rxf3 Rf8 32. Qc2+ Kh8 33. Qg6 Rxf3 34. Kxf3 Nc7
35. Kg2 c3 36. bxc3 bxc3 37. Bd1 Qe8 38. Qd3 Kg8 39. Qxc3 Nb5 40. Qd3 Nc7 41.
g4 Qe7 42. Kg3 Qb4 43. Bd2 Qb5 44. Bc2 Kf8 45. g5 hxg5 46. Bxg5 Qb6 47. h6
Bxe5+ 48. dxe5 Qg1+ 49. Kh4 Qh2+ 50. Kg4 Qxe5 51. Qa3+ Kf7 52. Qe7+ 1-0

[Event "Col Ch "]
[Site "Ibague "]
[Date "2013.07.05"]
[Round "8.55"]
[White "Huertas Botache, Alvaro Eduard"]
[Black "Arias, Juan Diego"]
[Result "1-0"]
[WhiteElo "1833"]
[BlackElo "2016"]
[PlyCount "91"]
[EventDate "2013.07.01"]
[EventType "swiss"]
[EventRounds "11"]
[EventCountry "COL"]
[SourceDate "2005.09.12"]

1. e4 e6 2. d4 d5 3. exd5 exd5 4. Bd3 Bd6 5. Nf3 Bg4 6. c3 Nd7 7. O-O c6 8. h3
Bh5 9. Nbd2 Qc7 10. a4 O-O-O 11. b4 g5 12. b5 g4 13. hxg4 Bxg4 14. c4 Ngf6 15.
Ba3 Bxa3 16. Rxa3 dxc4 17. Bxc4 Nb6 18. Qb3 Nxc4 19. Qxc4 cxb5 20. Qxb5 Rd5 21.
Qb4 Qd6 22. Rc3+ Kb8 23. Qb3 Bxf3 24. Nxf3 Ng4 25. Rb1 b6 26. Rbc1 Rh5 27. Qxf7
Qh6 28. Qc7+ Ka8 29. Qc6+ Qxc6 30. Rxc6 Ra5 31. R1c4 Re8 32. d5 Rxd5 33. Rxg4
Rh5 34. Rc7 Kb8 35. Rcg7 Re6 36. Rf4 Re8 37. Rff7 Ra5 38. Rf4 Rh5 39. g3 Rc8
40. Nd4 Ra5 41. Nb5 a6 42. Nd6 Rh8 43. Rff7 Rd5 44. Rb7+ Ka8 45. Ra7+ Kb8 46.
Rgb7# 1-0

[Event "Col Ch "]
[Site "Ibague "]
[Date "2013.07.05"]
[Round "8.56"]
[White "Guzman, River"]
[Black "Castaneda, Victor"]
[Result "0-1"]
[WhiteElo "1972"]
[BlackElo "1876"]
[PlyCount "166"]
[EventDate "2013.07.01"]
[EventType "swiss"]
[EventRounds "11"]
[EventCountry "COL"]
[SourceDate "2005.09.12"]

1. e4 c6 2. d4 d5 3. Nd2 dxe4 4. Nxe4 Nd7 5. Bc4 Ngf6 6. Nxf6+ Nxf6 7. Bg5 Bg4
8. f3 Bh5 9. Ne2 e6 10. O-O Qc7 11. Bf4 Bd6 12. Bxd6 Qxd6 13. Qd2 b5 14. Bd3
O-O 15. Qf4 Rad8 16. Qxd6 Rxd6 17. c3 Bg6 18. Bxg6 hxg6 19. Nf4 Nd5 20. Nd3 Ne3
21. Rf2 a5 22. a3 a4 23. Re2 Nc4 24. Kf2 Ra8 25. h4 Rad8 26. Rh1 Kh7 27. g4 Rh8
28. Kg3 Kg8 29. f4 Kf8 30. Rhe1 Ke7 31. Nc5 Rh6 32. g5 Rh8 33. f5 gxf5 34. g6
Rh6 35. gxf7 Kxf7 36. Nd3 Rg6+ 37. Kf3 Rg4 38. Rh1 Kf6 39. h5 Kg5 40. Rhh2 Rg1
41. Rhg2+ Rxg2 42. Rxg2+ Kf6 43. Rg6+ Kf7 44. Kf4 Rd8 45. Kg5 Rh8 46. Nf4 Re8
47. h6 gxh6+ 48. Kxh6 Rh8+ 49. Kg5 Rg8 50. Rxg8 Kxg8 51. Nxe6 Nxb2 52. Kxf5 Nc4
53. Ke4 Nxa3 54. Kd3 Nc4 55. Kc2 Na5 56. Kb2 Kf7 57. d5 Ke7 58. Nd4 Nc4+ 59.
Ka2 cxd5 60. Nxb5 Kd7 61. Na3 Na5 62. Nc2 Nc4 63. Na3 Nb6 64. Nc2 Nc4 65. Na3
Kd6 66. Nb1 Ke5 67. Ka1 Ke4 68. Ka2 Kd3 69. Ka1 Kc2 70. Ka2 Nd2 71. Na3+ Kxc3
72. Nb5+ Kb4 73. Nd4 Nc4 74. Ne6 Nb6 75. Nd4 Kc4 76. Ne6 d4 77. Nxd4 Kxd4 78.
Ka3 Kc3 79. Ka2 Kb4 80. Ka1 Ka3 81. Kb1 Nc4 82. Ka1 Na5 83. Kb1 Nb3 0-1

[Event "Col Ch "]
[Site "Ibague "]
[Date "2013.07.05"]
[Round "8.57"]
[White "Acosta Cubides, Jorian Jared"]
[Black "Corpus Vanegas, Eugenio Miguel"]
[Result "1-0"]
[WhiteElo "1971"]
[BlackElo "1848"]
[PlyCount "131"]
[EventDate "2013.07.01"]
[EventType "swiss"]
[EventRounds "11"]
[EventCountry "COL"]
[SourceDate "2005.09.12"]

1. e4 e5 2. Nf3 Nc6 3. Bc4 Nf6 4. Ng5 d5 5. exd5 Na5 6. Bb5+ c6 7. dxc6 bxc6 8.
Be2 Bd6 9. Nc3 O-O 10. O-O Re8 11. d3 Nb7 12. Nge4 Nxe4 13. dxe4 Be6 14. Be3
Qe7 15. Bd3 Rad8 16. Qe2 Nc5 17. Bc4 Qh4 18. Bxe6 Nxe6 19. Rad1 Nd4 20. Bxd4
exd4 21. g3 Qf6 22. Nb1 Bc5 23. Qd3 Bb6 24. Nd2 Qe6 25. a3 Qg4 26. Kg2 Re6 27.
Qf3 Qg6 28. Qe2 Rde8 29. f4 Qf6 30. Qd3 c5 31. e5 Qe7 32. Nc4 Bc7 33. Rde1 Qd7
34. Re2 Rg6 35. Rfe1 h5 36. Nd2 h4 37. Ne4 Qd5 38. Qf3 Rd8 39. Kf2 c4 40. Ng5
Qc5 41. Kf1 d3 42. cxd3 cxd3 43. Rd2 Bb6 44. Kg2 Rc6 45. e6 f6 46. e7 h3+ 47.
Nxh3 Re8 48. Qxd3 Rc7 49. Qb3+ Kh7 50. Nf2 Rcxe7 51. Rxe7 Rxe7 52. Qc2+ Qxc2
53. Rxc2 Kg6 54. Nd3 Kf5 55. h3 Re3 56. Nb4 Re1 57. g4+ Ke4 58. Rc4+ Bd4 59.
Rxd4+ Kxd4 60. Nc2+ Kd3 61. Nxe1+ Kd2 62. Kf2 Kc1 63. b4 Kb2 64. Nd3+ Kb3 65.
Ke3 Kxa3 66. h4 1-0

[Event "Col Ch "]
[Site "Ibague "]
[Date "2013.07.05"]
[Round "8.58"]
[White "Palechor, Cesar Augusto"]
[Black "Valencia, Dario"]
[Result "0-1"]
[WhiteElo "1794"]
[BlackElo "1958"]
[PlyCount "64"]
[EventDate "2013.07.01"]
[EventType "swiss"]
[EventRounds "11"]
[EventCountry "COL"]
[SourceDate "2005.09.12"]

1. e4 c5 2. Nf3 d6 3. d4 cxd4 4. Nxd4 Nf6 5. Nc3 a6 6. g3 e5 7. Nde2 Be7 8. Bg2
b5 9. O-O Bb7 10. Bg5 Nbd7 11. Bxf6 Nxf6 12. Nd5 Nxd5 13. exd5 O-O 14. f4 Rc8
15. f5 Bg5 16. g4 Rc4 17. h3 Be3+ 18. Kh1 Rxg4 19. Rf3 Rxg2 20. Kxg2 Bh6 21.
Qd3 Qa8 22. Rd1 Rc8 23. b4 Rc4 24. Rff1 Rxb4 25. c3 Ra4 26. f6 g6 27. Qf3 Rxa2
28. h4 Bd2 29. Rxd2 Rxd2 30. Qe3 Bxd5+ 31. Kf2 Rxe2+ 32. Qxe2 Bc4 0-1

[Event "Col Ch "]
[Site "Ibague "]
[Date "2013.07.05"]
[Round "8.59"]
[White "Piraquive, Alberto"]
[Black "Otero Fajardo, Alvaro Antonio"]
[Result "1-0"]
[WhiteElo "1945"]
[BlackElo "1794"]
[PlyCount "58"]
[EventDate "2013.07.01"]
[EventType "swiss"]
[EventRounds "11"]
[EventCountry "COL"]
[SourceDate "2005.09.12"]

1. e4 c5 2. Nf3 d6 3. d4 cxd4 4. Nxd4 Nf6 5. f3 g6 6. c4 Bg7 7. Nc3 Nc6 8. Nc2
O-O 9. Be2 Bd7 10. O-O Rc8 11. Ne3 Qc7 12. Kh1 Qb8 13. Bd2 Nd4 14. Bd3 Rfe8 15.
Rc1 b6 16. Qe1 Bc6 17. Qh4 Qb7 18. Ned5 Rcd8 19. Bg5 Ne6 20. Bxf6 exf6 21.
Nxf6+ Bxf6 22. Qxf6 Nc5 23. Bb1 Qe7 24. Qf4 Kg7 25. Nd5 Qe5 26. Qd2 Bxd5 27.
cxd5 g5 28. b4 Nd7 29. Rc7 a5 1-0

[Event "Col Ch "]
[Site "Ibague "]
[Date "2013.07.05"]
[Round "8.60"]
[White "Jaramillo, Carlos Orlando"]
[Black "Trujillo, Luis Angel"]
[Result "1-0"]
[WhiteElo "1930"]
[BlackElo "1682"]
[PlyCount "53"]
[EventDate "2013.07.01"]
[EventType "swiss"]
[EventRounds "11"]
[EventCountry "COL"]
[SourceDate "2005.09.12"]

1. b4 e5 2. Bb2 d6 3. e3 Nf6 4. c4 Bf5 5. Nc3 a6 6. Nf3 Be7 7. d4 Nbd7 8. Be2
O-O 9. Nh4 exd4 10. Nxf5 dxc3 11. Bxc3 Ne5 12. Qd4 Qd7 13. g4 Rfe8 14. Nxg7
Kxg7 15. g5 Nfg4 16. Bxg4 Qc6 17. Rg1 Qb6 18. Qxb6 cxb6 19. f4 Bd8 20. fxe5
dxe5 21. Bf3 Re7 22. O-O-O Rb8 23. Rd5 Kf8 24. Rxe5 Rc7 25. Bd5 Rd7 26. Rf1 Rc8
27. Be6 1-0

[Event "Col Ch "]
[Site "Ibague "]
[Date "2013.07.05"]
[Round "8.62"]
[White "Olarte Parra, Jhoan Sebastian"]
[Black "Dabraccio, Guillermo"]
[Result "1/2-1/2"]
[WhiteElo "1924"]
[BlackElo "1752"]
[PlyCount "66"]
[EventDate "2013.07.01"]
[EventType "swiss"]
[EventRounds "11"]
[EventCountry "COL"]
[SourceDate "2005.09.12"]

1. e4 e6 2. d4 d5 3. Nc3 Nf6 4. Bg5 Be7 5. e5 Nfd7 6. Bxe7 Qxe7 7. Bd3 a6 8. f4
c5 9. Nf3 Nc6 10. O-O cxd4 11. Ne2 Nc5 12. Nexd4 Nxd4 13. Nxd4 Nxd3 14. Qxd3
O-O 15. c3 Bd7 16. Rae1 Qc5 17. Rf3 f6 18. Rh3 f5 19. g4 Rae8 20. Kh1 Bc6 21.
Rg1 Re7 22. Rh5 Be8 23. Rh4 Kh8 24. gxf5 Qc4 25. Qh3 h5 26. Rg5 Rxf5 27. Nxf5
Qe4+ 28. Rg2 Qb1+ 29. Rg1 Qe4+ 30. Qg2 Qxf5 31. h3 d4 32. Qg5 Bc6+ 33. Rg2 Qxg5
1/2-1/2

[Event "Col Ch "]
[Site "Ibague "]
[Date "2013.07.05"]
[Round "8.63"]
[White "Sosa Florez, Juan Sebastian"]
[Black "Marin, Alejandro"]
[Result "0-1"]
[WhiteElo "1671"]
[BlackElo "1923"]
[PlyCount "72"]
[EventDate "2013.07.01"]
[EventType "swiss"]
[EventRounds "11"]
[EventCountry "COL"]
[SourceDate "2005.09.12"]

1. d4 d5 2. c4 c6 3. Nc3 Nf6 4. Nf3 e6 5. Bg5 h6 6. Bh4 dxc4 7. e4 g5 8. Bg3 b5
9. Be2 Bb7 10. O-O Nbd7 11. d5 cxd5 12. exd5 Nxd5 13. Nxb5 Qb6 14. Bxc4 Rc8 15.
b3 a6 16. Nbd4 Bg7 17. Re1 O-O 18. Ne5 Nxe5 19. Bxe5 Rfd8 20. Bxg7 Kxg7 21. Nf3
Nf4 22. Qc2 Kg8 23. Re3 Qa5 24. Rae1 Bxf3 25. gxf3 Rd2 26. Qc3 Qxc3 27. Rxc3
Rxa2 28. Rce3 a5 29. Re4 Rc2 30. Bb5 Rd8 31. Kf1 Rb2 32. Bc4 Rdd2 33. Be2 Rxb3
34. h4 Rbb2 35. hxg5 hxg5 36. Re3 a4 0-1

[Event "Col Ch "]
[Site "Ibague "]
[Date "2013.07.05"]
[Round "8.64"]
[White "Bravo, Juan Eduardo"]
[Black "Conti, Julian"]
[Result "0-1"]
[WhiteElo "1726"]
[BlackElo "2034"]
[PlyCount "75"]
[EventDate "2013.07.01"]
[EventType "swiss"]
[EventRounds "11"]
[EventCountry "COL"]
[SourceDate "2005.09.12"]

1. e4 e5 2. Nf3 Nc6 3. Bb5 a6 4. Ba4 Nf6 5. O-O Be7 6. Re1 b5 7. Bb3 d6 8. c3
O-O 9. h3 Na5 10. Bc2 c5 11. d3 Nc6 12. Nbd2 a5 13. Nf1 Bd7 14. d4 cxd4 15.
cxd4 Qc7 16. Be3 Nb4 17. Bb1 Rfc8 18. a3 Nc2 19. Bxc2 Qxc2 20. dxe5 dxe5 21.
Nxe5 Be6 22. Nf3 Nxe4 23. Nd4 Qxd1 24. Rexd1 Bc4 25. b3 Nc3 26. Rd2 Bd5 27. Ng3
b4 28. axb4 axb4 29. Re1 g6 30. Nge2 Bf6 31. Nf4 Be4 32. Nd3 Be7 33. Ne5 Bd5
34. Nd7 Ra6 35. Ne5 Bf8 36. Nd3 Ra3 37. Rb2 Re8 38. Nc2 0-1

[Event "Col Ch "]
[Site "Ibague "]
[Date "2013.07.05"]
[Round "8.65"]
[White "Andrade Truyol, Geiner Jose"]
[Black "Moreno, Julian David"]
[Result "1-0"]
[WhiteElo "2045"]
[BlackElo "1869"]
[PlyCount "71"]
[EventDate "2013.07.01"]
[EventType "swiss"]
[EventRounds "11"]
[EventCountry "COL"]
[SourceDate "2005.09.12"]

1. e4 e5 2. Nf3 Nc6 3. Bb5 Nge7 4. O-O g6 5. Nc3 Bg7 6. Re1 O-O 7. d3 d6 8. Bg5
f6 9. Bc4+ Kh8 10. Bh4 Na5 11. Bb3 Nxb3 12. axb3 Bg4 13. h3 Be6 14. d4 g5 15.
Bg3 Ng6 16. Qd2 g4 17. hxg4 Bxg4 18. Nh4 Ne7 19. Ne2 a6 20. f3 Bd7 21. f4 exd4
22. f5 Nc6 23. Nxd4 Nxd4 24. Qxd4 Bc6 25. Rad1 Re8 26. Rd2 Qe7 27. Rde2 Qf7 28.
c4 Re7 29. Qf2 Rae8 30. Qf3 Bh6 31. Bf4 Qg7 32. Qh5 Bxf4 33. Ng6+ Kg8 34. Nxf4
Rxe4 35. Rxe4 Bxe4 36. Qxe8+ 1-0

[Event "Col Ch "]
[Site "Ibague "]
[Date "2013.07.05"]
[Round "8.66"]
[White "Manrique, Fernando"]
[Black "Gomez, Jorge Leonardo"]
[Result "0-1"]
[WhiteElo "1991"]
[BlackElo "1838"]
[PlyCount "88"]
[EventDate "2013.07.01"]
[EventType "swiss"]
[EventRounds "11"]
[EventCountry "COL"]
[SourceDate "2005.09.12"]

1. e4 c6 2. Nf3 d5 3. Nc3 Bg4 4. h3 Bxf3 5. Qxf3 e6 6. d4 Nf6 7. Bg5 Be7 8. e5
Nfd7 9. Bxe7 Qxe7 10. O-O-O b5 11. Bxb5 cxb5 12. Nxb5 O-O 13. Qg3 Nc6 14. Nd6
f6 15. f4 fxe5 16. fxe5 Nb6 17. h4 Rad8 18. h5 Nc8 19. Nb5 a6 20. Nc3 Rf5 21.
Qh3 Nb6 22. a3 Rdf8 23. Qd3 Nc4 24. Na4 Qb7 25. b3 Nxa3 26. Nc5 Qc8 27. Kb2 Nb4
28. Qh3 Naxc2 29. h6 g6 30. Qh4 g5 31. Qh5 Nxd4 32. g4 Rxe5 33. Rhf1 Qxc5 34.
Rxf8+ Qxf8 35. Rxd4 a5 36. Rd2 Qf7 37. Qh2 Qf6 38. Ka3 Re1 39. Ka4 Re4 40. Qb8+
Kf7 41. Qh2 Nd3+ 42. Kxa5 Qd8+ 43. Kb5 Rb4+ 44. Kc6 Rb6# 0-1

[Event "Col Ch "]
[Site "Ibague "]
[Date "2013.07.05"]
[Round "8.67"]
[White "Vargas, Eduar Misael"]
[Black "Torres, Jose Leonardo"]
[Result "1/2-1/2"]
[WhiteElo "1955"]
[BlackElo "1787"]
[PlyCount "45"]
[EventDate "2013.07.01"]
[EventType "swiss"]
[EventRounds "11"]
[EventCountry "COL"]
[SourceDate "2005.09.12"]

1. d4 d5 2. c4 e6 3. Nc3 Nf6 4. Bg5 Be7 5. Nf3 Nbd7 6. e3 O-O 7. Bd3 dxc4 8.
Bxc4 Nb6 9. Bb3 Nbd5 10. O-O b6 11. Rc1 Bb7 12. Ne5 Rc8 13. Nb5 a6 14. Na7 Ra8
15. Nac6 Qe8 16. Nxe7+ Nxe7 17. Rxc7 Bd5 18. Bxf6 Bxb3 19. Qg4 Ng6 20. Nxg6
hxg6 21. Be7 Bxa2 22. Bxf8 Qxf8 23. Rfc1 1/2-1/2

[Event "Col Ch "]
[Site "Ibague "]
[Date "2013.07.05"]
[Round "8.68"]
[White "Arismendi Polanco, Efrain Stev"]
[Black "Restrepo, Jose Daniel"]
[Result "1-0"]
[WhiteElo "1805"]
[BlackElo "1944"]
[PlyCount "51"]
[EventDate "2013.07.01"]
[EventType "swiss"]
[EventRounds "11"]
[EventCountry "COL"]
[SourceDate "2005.09.12"]

1. e4 e5 2. Nf3 Nc6 3. Bc4 Bc5 4. b4 Bxb4 5. c3 Ba5 6. Qb3 Qe7 7. d4 Nxd4 8.
Nxd4 exd4 9. O-O Bb6 10. Ba3 d6 11. e5 Qxe5 12. Bxf7+ Kf8 13. Nd2 Qf6 14. Bc4
Bf5 15. cxd4 Ne7 16. Rae1 Nc6 17. Ne4 Qg6 18. Qf3 Nxd4 19. Qf4 Rd8 20. Ng5 Qf6
21. Nf7 g5 22. Qg3 Kg7 23. Nxg5 Qg6 24. Re7+ Kf6 25. Rf7+ Qxf7 26. Nxf7 1-0

[Event "Col Ch "]
[Site "Ibague "]
[Date "2013.07.05"]
[Round "8.69"]
[White "Cuervo, Alexander"]
[Black "Palacio, Pablo Persi"]
[Result "0-1"]
[WhiteElo "1801"]
[BlackElo "1931"]
[PlyCount "90"]
[EventDate "2013.07.01"]
[EventType "swiss"]
[EventRounds "11"]
[EventCountry "COL"]
[SourceDate "2005.09.12"]

1. d4 Nf6 2. Nf3 d5 3. Bf4 Bf5 4. Nbd2 e6 5. Nh4 Bg6 6. Nxg6 hxg6 7. h3 Bd6 8.
Bxd6 Qxd6 9. c4 c6 10. e3 Nbd7 11. c5 Qc7 12. f4 g5 13. g3 gxf4 14. gxf4 g5 15.
Qf3 gxf4 16. exf4 Rh4 17. O-O-O Qxf4 18. Qxf4 Rxf4 19. Nb3 O-O-O 20. Be2 Rh8
21. Rd3 Ne4 22. Rf3 Rxf3 23. Bxf3 Ng5 24. Bg2 Rh4 25. Kd2 f6 26. Ke3 f5 27. Nd2
Nf6 28. Nf3 Nxf3 29. Bxf3 b6 30. b4 bxc5 31. bxc5 Kc7 32. Bg2 f4+ 33. Kd3 Nh7
34. Bf3 Nf6 35. a4 Nd7 36. Bg4 e5 37. Bxd7 e4+ 38. Ke2 Kxd7 39. Kf2 Ke6 40. a5
Kf5 41. a6 f3 42. Kg3 Rh8 43. h4 Rg8+ 44. Kf2 Kf4 45. Rb1 e3+ 0-1

[Event "Col Ch "]
[Site "Ibague "]
[Date "2013.07.05"]
[Round "8.70"]
[White "Munoz, Alvaro E"]
[Black "Aponte, Juan Camilo"]
[Result "0-1"]
[WhiteElo "1739"]
[BlackElo "1909"]
[PlyCount "58"]
[EventDate "2013.07.01"]
[EventType "swiss"]
[EventRounds "11"]
[EventCountry "COL"]
[SourceDate "2005.09.12"]

1. d4 d5 2. c4 dxc4 3. e4 e5 4. d5 Nf6 5. Nc3 c6 6. Bxc4 Bb4 7. Bg5 Bxc3+ 8.
bxc3 Qa5 9. Bd3 Qxc3+ 10. Kf1 Qc5 11. Be3 Qd6 12. Rc1 b6 13. dxc6 Nxc6 14. Bb5
Qxd1+ 15. Rxd1 Bb7 16. f3 O-O 17. Ne2 Nb4 18. a3 Nc2 19. Bc1 Rac8 20. Kf2 a6
21. Ba4 b5 22. Bb3 a5 23. Bb2 a4 24. Bxc2 Rxc2 25. Bxe5 Rfc8 26. Bd6 h6 27. Bb4
g5 28. Ke3 Re8 29. Kf2 Nd5 0-1

[Event "Col Ch "]
[Site "Ibague "]
[Date "2013.07.05"]
[Round "8.71"]
[White "Sosa Florez, Luis Felipe"]
[Black "Leal Cortes, Diego Fernando"]
[Result "0-1"]
[WhiteElo "1738"]
[BlackElo "1901"]
[PlyCount "68"]
[EventDate "2013.07.01"]
[EventType "swiss"]
[EventRounds "11"]
[EventCountry "COL"]
[SourceDate "2005.09.12"]

1. d4 Nf6 2. Nf3 e6 3. e3 d5 4. c4 c6 5. Nc3 Nbd7 6. a3 Bd6 7. Bd3 O-O 8. O-O
dxc4 9. Bxc4 e5 10. e4 exd4 11. Nxd4 Ne5 12. Be2 Bg4 13. Bg5 Bxe2 14. Qxe2 h6
15. Bh4 Ng6 16. Bxf6 Qxf6 17. Rad1 Nf4 18. Qg4 g6 19. Nf3 h5 20. Qh4 Qxh4 21.
Nxh4 Be5 22. Rd7 Bxc3 23. bxc3 Ne2+ 24. Kh1 Nxc3 25. Rxb7 Nxe4 26. f3 Nd6 27.
Rd7 Rad8 28. Rxd8 Rxd8 29. f4 c5 30. Nf3 c4 31. Rc1 Ne4 32. g3 c3 33. Ne1 Rd2
34. Kg1 Ra2 0-1

[Event "Col Ch "]
[Site "Ibague "]
[Date "2013.07.05"]
[Round "8.72"]
[White "Guerrero Forero, Ricardo Alon"]
[Black "Figueroa Salcedo, Reinaldo Ar"]
[Result "1-0"]
[WhiteElo "2208"]
[BlackElo "1717"]
[PlyCount "57"]
[EventDate "2013.07.01"]
[EventType "swiss"]
[EventRounds "11"]
[EventCountry "COL"]
[SourceDate "2005.09.12"]

1. e4 e5 2. Nf3 Nc6 3. Bb5 a6 4. Ba4 Nf6 5. O-O Be7 6. Re1 b5 7. Bb3 d6 8. c3
Bg4 9. a4 O-O 10. Na3 b4 11. Nc2 Bxf3 12. gxf3 d5 13. d4 exd4 14. Nxd4 Nxd4 15.
cxd4 c6 16. e5 Nh5 17. f4 g6 18. f5 Bg5 19. Qg4 Bxc1 20. Raxc1 Ng7 21. f6 Nf5
22. Qf4 Qd7 23. Bc2 Kh8 24. Kh1 Rac8 25. Rg1 Rg8 26. Rg5 Nxd4 27. Qxd4 c5 28.
Qh4 d4 29. Qxh7+ 1-0

[Event "Col Ch "]
[Site "Ibague "]
[Date "2013.07.05"]
[Round "8.73"]
[White "Parra, Diego Alexander"]
[Black "Rosero, Hugo Alberto"]
[Result "1-0"]
[WhiteElo "1922"]
[BlackElo "1664"]
[PlyCount "21"]
[EventDate "2013.07.01"]
[EventType "swiss"]
[EventRounds "11"]
[EventCountry "COL"]
[SourceDate "2005.09.12"]

1. d4 d5 2. Nf3 Nf6 3. Bg5 e6 4. Nbd2 Be7 5. e3 c6 6. Bd3 O-O 7. c3 Nbd7 8. Ne5
h6 9. h4 hxg5 10. hxg5 Ne4 11. Qh5 1-0

[Event "Col Ch "]
[Site "Ibague "]
[Date "2013.07.05"]
[Round "8.74"]
[White "Jaramillo, Daniel Alejandro"]
[Black "Carrillo, Custodio"]
[Result "1/2-1/2"]
[WhiteElo "1693"]
[BlackElo "1886"]
[PlyCount "77"]
[EventDate "2013.07.01"]
[EventType "swiss"]
[EventRounds "11"]
[EventCountry "COL"]
[SourceDate "2005.09.12"]

1. d4 d5 2. Nf3 Nf6 3. Bf4 Bf5 4. e3 e6 5. Bd3 Bxd3 6. Qxd3 Bd6 7. Bg3 c6 8.
Nbd2 O-O 9. c3 Qe7 10. Ne5 Nbd7 11. f4 Rac8 12. O-O g6 13. Bh4 Kg7 14. e4 Qe8
15. Nxd7 Nxd7 16. e5 Be7 17. Qg3 Qd8 18. Bxe7 Qxe7 19. Nf3 Kh8 20. Rae1 c5 21.
Ng5 h6 22. Nf3 cxd4 23. cxd4 Rc2 24. Rf2 Rfc8 25. Ree2 Rc1+ 26. Rf1 Qb4 27. Qf2
Nb6 28. b3 Qa3 29. Rxc1 Rxc1+ 30. Re1 Rxe1+ 31. Nxe1 Qc1 32. g3 Qd1 33. Qe3 Kg7
34. Kf2 Qb1 35. Qd2 Nc8 36. Qc2 Qxc2+ 37. Nxc2 Ne7 38. Ne3 Nc6 39. Nc2 1/2-1/2